Aamar sangbidhan : (Record no. 8719)
[ view plain ]
| 000 -LEADER | |
|---|---|
| fixed length control field | 00659cam a2200229ua 4500 |
| 008 - FIXED-LENGTH DATA ELEMENTS--GENERAL INFORMATION | |
| fixed length control field | 160729n ii |||gr||||Z||||||asm |
| 020 ## - INTERNATIONAL STANDARD BOOK NUMBER | |
| International Standard Book Number | 9788123734385 |
| 040 ## - CATALOGING SOURCE | |
| Transcribing agency | MAIN |
| 041 ## - LANGUAGE CODE | |
| -- | asm |
| 082 ## - DEWEY DECIMAL CLASSIFICATION NUMBER | |
| Classification number | 342.54 |
| 100 ## - MAIN ENTRY--PERSONAL NAME | |
| Personal name | Kashyap, Subhash C., |
| Relator term | |
| 245 ## - TITLE STATEMENT | |
| Title | Aamar sangbidhan : |
| Remainder of title | bharatar sangbidhan aru sangbidhanik bidhir eti parichay / |
| Statement of responsibility, etc. | by Subhash C Kashyap . |
| 250 ## - EDITION STATEMENT | |
| Edition statement | 3rd rev. |
| 260 ## - PUBLICATION, DISTRIBUTION, ETC. | |
| Place of publication, distribution, etc. | New Delhi: |
| Name of publisher, distributor, etc. | NBT, |
| Date of publication, distribution, etc. | 2010. |
| 300 ## - PHYSICAL DESCRIPTION | |
| Extent | 333p. |
| 700 ## - ADDED ENTRY--PERSONAL NAME | |
| Personal name | Baruah, Guna, |
| Relator term | |
| 942 ## - ADDED ENTRY ELEMENTS (KOHA) | |
| Koha item type | Books |
| 653 ## - INDEX TERM--UNCONTROLLED | |
| Uncontrolled term | Constitutional & administrative law |
| 653 ## - INDEX TERM--UNCONTROLLED | |
| Uncontrolled term | Constitution of India |
| 653 ## - INDEX TERM--UNCONTROLLED | |
| Uncontrolled term | Indian constitution |
| Withdrawn status | Lost status | Damaged status | Not for loan | Home library | Current library | Shelving location | Date acquired | Total Checkouts | Full call number | Barcode | Date last seen | Date last checked out | Copy number | Price effective from | Koha item type |
|---|---|---|---|---|---|---|---|---|---|---|---|---|---|---|---|
| Central Library, Naharkatiya College | Central Library, Naharkatiya College | General Stacks | 19/09/2020 | 1 | 342.54 | KAS | 20937 | 08/04/2025 | 04/04/2025 | 2 | 19/09/2020 | Books | ||||
| Central Library, Naharkatiya College | Central Library, Naharkatiya College | General Stacks | 19/09/2020 | 1 | 342.54 | KAS | 20966 | 15/12/2020 | 05/12/2020 | 1 | 19/09/2020 | Books | ||||
| Central Library, Naharkatiya College | Central Library, Naharkatiya College | General Stacks | 19/09/2020 | 1 | 342.54 | KAS | 21612 | 12/12/2020 | 05/12/2020 | 3 | 19/09/2020 | Books | ||||
| Central Library, Naharkatiya College | Central Library, Naharkatiya College | General Stacks | 19/09/2020 | 3 | 342.54 | KAS | 21613 | 05/05/2025 | 05/04/2025 | 4 | 19/09/2020 | Books |
